| 000 | 00000nam 2200000za 4500 |
| 001 | 9.687341 |
| 003 | CaOODSP |
| 005 | 20210624230932 |
| 007 | cr ||||||||||| |
| 008 | 150407s2004 onc|||||o f|0| 0 eng d |
| 040 | |aCaOODSP|beng |
| 043 | |an-cn--- |
| 086 | 1 |aEn49-16/5-2002E-PDF |
| 110 | 1 |aCanada.|bEnvironment Canada. |bNational Pollutant Release Inventory. |
| 245 | 10|aNational overview – National Pollutant Release Inventory, 2002 |h[electronic resource] : |boff-site transfers for recycling and energy recovery. |
| 260 | |aOttawa : |bEnvironment Canada, |c[2004]. |
| 300 | |a22 p. : |bgraph, references, tables. |
| 500 | |a"Canadian Environmental Protection Act, 1999." The catalogue number (En49-16/5-2002E) and the ISBN (0-662-37190-9) for the print edition have been incorrectly printed in this electronic edition. |
| 520 | 3 |aThe National Pollutant Release Inventory (NPRI) is a legislated inventory of pollutants released into the environment. In 2002, owners of 1012 facilities submitted reports on pollutants they transferred off-site for recycling and energy recovery; 1 235 000 tonnes of pollutants were transferred in total. This report details the types of recycling and energy recovery; the pollutants transferred in the largest quantities; and the industrial sectors transferring the largest quantities of pollutants. |
| 590 | |a05-08|b2005-02-25 |
| 690 | 07|aPollutants|2gcpds |
| 775 | 08|tCompte rendu national – Inventaire national des rejets de polluants, 2002 |w(CaOODSP)9.631795 |
| 776 | 0#|tNational overview – National Pollutant Release Inventory, 2002 : |w(CaOODSP)9.649320 |
| 795 | |t2001 national overview – National Pollutant Release Inventory |w(CaOODSP)9.696141 |
| 856 | 40|ahttp://publications.gc.ca|qPDF|s2.10 MB|uhttps://publications.gc.ca/collections/Collection/En49-16-5-2002E.pdf |